Places in Holland - sudden death - Statistics

General Stats
  • This quiz has been taken 128 times
  • The average score is 5 of 24
Answers on the Grid
Answers color-coded by a green-red scale on the quiz's grid according to % correct below.
Edam
Bonn
Amsterdam
Pittsburgh
Helsinki
The Hague
Johannesburg
Eindhoven
Ottawa
Schiphol airport
Delta of the Rhine
Stockholm
Rotterdam
Ajax's stadium
Arnhem
IJsselmeer
Windhoek
Van Gogh's birthplace
Kassala
Trujillo
Antwerp
Bergen op Zoom
Koutiala
Europe's busiest port
Alkmaar
Gouda
Anne Frank's birthplace
Venlo
The Dutch parliament
Leiden
Groningen
Dordrecht
Enschede
Goeree-Overflakkee
Kira
Delft
Europe's biggest oil refinery
Land below sea level
Texel
Waddinxveen
Utrecht
Breda
Spalding
Maassluis
Rembrandt's birthplace
Almere
Wadden Sea
Tilburg
 
Answer Stats
Answer % Correct
Amsterdam
81%
The Hague
60%
Edam
50%
Rotterdam
40%
Schiphol airport
28%
The Johan Cruyff Arena Ajax's stadium
21%
Gouda
18%
The Dutch parliament
16%
IJsselmeer
15%
Delta of the Rhine
13%
Europe's busiest port
13%
Land below sea level
12%
Alkmaar
10%
Delft
10%
Dordrecht
10%
Leiden
9%
Maassluis
9%
West Frisian island Texel
9%
Leiden Rembrandt's birthplace
7%
Wadden Sea
6%
Waddinxveen
6%
At Pernis, Rotterdam Europe's biggest oil refinery
4%
Goeree-Overflakkee
4%
There is a South Holland in Lincolnshire Spalding
1%
No matching quizzes found
Score Distribution
Percent of People with Each Score
Percentile by Number Answered
Your Score History
You have not taken this quiz